000 00439nam a2200181Ia 4500
001 15845
005 20260306170226.0
008 260306t2016||||xx |||||||||||||| ||und||
041 _aESP
082 _a620.11
_bP46
100 _aPérez Rigueiro, José
_eAUT
245 0 _aMateriales biológicos y biomateriales
260 _c2016
300 _a345 páginas :
_c24 cm.
650 _aGEN
654 _aCII
942 _cLIB
_dJUS
_fJUS
_2ddc
_n
999 _c15845
_d15845